| 000 | 00622nam a2200133 u 4500 | ||
|---|---|---|---|
| 001 | 000037673 | ||
| 005 | 20201002031112.0 | ||
| 008 | 121102s2011 dr r 000 0 spa d | ||
| 040 |
_aDO-SdBNP _bspa _cBNPHU |
||
| 111 | 1 |
_aEncuentro Nacional de Dirigentes de la Junta Agroempresarial Dominicana _n(12 : _cLa Altagracia, República Dominicana _d2011, sept. 8) _964135 |
|
| 245 | 1 | 0 |
_aProceducimos o perecemos, exportamos o sucumbimos : _bLas políticas públicas para el desarrollo de la agropecuaria, de la agroindustria y convertirnos en un agroexportador. |
| 260 |
_aSanto Domingo : _bAlianza País. |
||
| 300 |
_a18 p. ; _c22 cm. |
||
| 999 |
_c37163 _d37163 |
||